000 00684nam a2200289Ia 4500
005 20260324114130.0
008 008 260324s9999 xx 000 0 eng d
020 _a9781003289326
037 _aEBOOK
040 _aCRL
040 _beng
040 _cCRL
041 _2eng
041 _aeng
084 _qCRL
100 _aYongjian Gu
_91140047
245 0 _aHeating and Cooling of Air Through Coils
245 0 _bPrinciples and Applications
260 _bTaylor and Francis
260 _c2023
365 _a
365 _b240
856 _uhttp://www.taylorfrancis.com/books/9781003289326
942 _cEBOOK
999 _c1739565
_d1739565